[Event "SRB-ch U14"]
[Site "Kragujevac"]
[Date "2017.04.11"]
[Round "1"]
[White "Mijokovic, Nikola"]
[Black "Stankovic, Milos M"]
[Result "0-1"]
[WhiteElo "1524"]
[BlackElo "2005"]
[PlyCount "76"]
[EventDate "2017.04.11"]
[EventType "swiss"]
[EventRounds "9"]
[EventCountry "SRB"]
[SourceTitle "EXT 2019"]
[Source "ChessBase"]
[SourceDate "2018.10.10"]
[SourceVersion "1"]
[SourceVersionDate "2018.10.10"]
[SourceQuality "1"]

1. d4 Nf6 2. Nf3 g6 3. Bf4 Bg7 4. Nc3 0-0 5. e3 d6 6. Bd3 Nbd7 7. Qe2 Nh5 8. 0-0-0 a6 9. g4 Nhf6 10. Rdg1 c5 11. h4 b5 12. h5 Bb7 13. hxg6 fxg6 14. Bh6 c4 15. Bxg7 cxd3 16. Qxd3 Kxg7 17. Ng5 Qc8 18. Ne6+ Kg8 19. d5 Nc5 20. Qe2 Nxe6 21. e4 b4 22. Nd1 Nd4 23. Qd3 Qxc2+ 24. Qxc2 Nxc2 25. Kxc2 Nxe4 26. Kd3 Nxf2+ 27. Nxf2 Rxf2 28. Re1 Bxd5 29. Rh3 e5 30. Rc1 Rf3+ 31. Rxf3 Bxf3 32. Ke3 e4 33. Rc6 d5 34. Rd6 Bxg4 35. Rxd5 Bf5 36. Rd4 a5 37. b3 h5 38. Rd1 h4 0-1